Statistiques concernant Élimination par catégorie - pays n°2

Cliquez ici pour prendre le quiz!

Statistiques générales

  • Ce quiz a été pris 2,340 fois
  • Le résultat moyen est 13 sur 20

Statistiques - réponses

Groupe # Catégorie % Correct
Vert151Pays qui ne sont pas sans littoral
99%
Vert74... en Asie ou en Afrique
98%
Vert39... avec une population de plus de 15 millions
97%
Vert9... et une altitude maximale supérieure à 5 000 m
92%
Jaune90... qui se composent d'un seul mot
89%
Jaune45... se terminant par E
88%
Jaune105Pays ayant une superficie de plus de 100 000 km²
88%
Bleu81Pays commençant par une lettre entre E et O
87%
Bleu49... avec une population de moins de 10 millions
83%
Rose98Pays dont la capitale se situe entre les
tropiques du Cancer et du Capricorne
74%
Rose41... et une superficie d'au moins 200 000 km²
72%
Rose15... et une altitude maximale supérieure à 4 000 m
65%
Bleu11... qui sont sans littoral
64%
Rose4... avec au plus 7 lettres dans son nom
39%
Bleu4... se trouvent entièrement à l'est d'Istanbul
36%
Jaune2... qui contiennent la lettre V
31%
Bleu1... bordant la RussieMongolie
29%
Vert1... avec plus d'un mot dans son nomR.D. Congo
26%
Jaune1... dont la capitale est située au sud de l'équateurBolivie
21%
Rose1... avec une population de plus de 60 millionsMexique
13%

Distribution des résultats

Percentile by Number Answered

% des personnes avec chaque résultat

Votre développement - résultats

Vous n’avez pas pris ce quiz